Missing Word: 'E' Literature Quiz Stats

 Plays Quiz Updated Aug 3, 2012

Support Sporcle.
Go Orange.
Score 0/20 Timer 04:00
3 Plays Today
Literary Work 'E' Word % Correct
Nineteen _____-FourEighty
96.2%
Where the Sidewalk _____Ends
93.6%
Midnight in the Gardens of Good and _____Evil
93%
Jane _____Eyre
92.7%
From the _____ to the MoonEarth
88.4%
Great _____Expectations
87.8%
_____ of EdenEast
85.1%
Their _____ Were Watching GodEyes
84.9%
The Importance of Being _____Earnest
80.4%
From Here to _____Eternity
79.5%
Literary Work 'E' Word % Correct
_____ Loud and Incredibly CloseExtremely
78.7%
A History of _____ Speaking PeopleEnglish
74.1%
Do Androids Dream of _____ Sheep?Electric
53.7%
_____ GameEnder's
47.1%
Ella _____Enchanted
45%
_____ of GilgameshEpic
28.8%
No _____Exit
23.9%
_____ OneginEugene
19.8%
The _____ SongExecutioner's
13.2%
Sentimental _____Education
6.5%

Today's Daily Dose

Quick Pick
'P' Beverages

Get the Picture
Fictional Counts

You're not logged in!

Compare scores with friends on all Sporcle quizzes.
OR
Log In

From the Vault

Populous Coastal Cities

by citkeane

This quiz is making us seriously hungry for seafood.
Remove Ads.
Support Sporcle.
Get the best of Sporcle when you Go Orange. This ad-free experience offers more features, more stats, and more fun while also helping to support Sporcle. Thank you for becoming a member.

Show Comments

Extras

Top Quizzes Today


Score Distribution

Your Account Isn't Verified!

In order to create a playlist on Sporcle, you need to verify the email address you used during registration. Go to your Sporcle Settings to finish the process.

Report this User

Report this user for behavior that violates our Community Guidelines.

Details: